Office bulletin
Gardado en:
| Formato: | Libro |
|---|---|
| Idioma: | Undetermined |
| Publicado: |
Tokyo
International Labour Office
1966
|
| Những chủ đề: | |
| Các nhãn: |
Engadir etiqueta
Sen Etiquetas, Sexa o primeiro en etiquetar este rexistro!
|
| Thư viện lưu trữ: | Trung tâm Học liệu Trường Đại học Cần Thơ |
|---|
| LEADER | 00375nam a2200145Ia 4500 | ||
|---|---|---|---|
| 001 | CTU_77761 | ||
| 008 | 210402s9999 xx 000 0 und d | ||
| 082 | |a 331.88 | ||
| 082 | |b O.32 | ||
| 245 | 0 | |a Office bulletin | |
| 260 | |a Tokyo | ||
| 260 | |b International Labour Office | ||
| 260 | |c 1966 | ||
| 650 | |a Trade union | ||
| 980 | |a Trung tâm Học liệu Trường Đại học Cần Thơ | ||